[Event "ENCI Limburg-open A"]
[Site "Maastricht"]
[Date "2011.06.13"]
[Round "7"]
[White "Gunther, Justin"]
[Black "Loehnhardt, Benjamin"]
[Result "1-0"]
[WhiteElo "2054"]
[BlackElo "2058"]
[PlyCount "73"]
[EventDate "2011.06.10"]
[EventType "swiss"]
[EventRounds "7"]
[EventCountry "NED"]
[Source "P.Boonen"]
[SourceDate "2012.01.01"]

1. e4 e6 2. d4 b6 3. Be3 Bb7 4. Bd3 c5 5. Nf3 Nf6 6. Nbd2 c4 7. Bxc4 Nxe4 8.
Nxe4 Bxe4 9. O-O Qc7 10. Bb3 Qb7 11. c4 Bxf3 12. gxf3 Nc6 13. Qe2 Rc8 14. a3
Be7 15. Rfd1 Bf6 16. d5 Ne7 17. Rac1 O-O 18. Ba2 Rfe8 19. dxe6 dxe6 20. b4 Qa6
21. Qd3 Ng6 22. c5 Qxd3 23. Rxd3 Ne5 24. Rb3 Nxf3+ 25. Kh1 Bd4 26. c6 Bxe3 27.
fxe3 b5 28. Rbc3 Rc7 29. Rc5 a6 30. a4 Rb8 31. Rd1 bxa4 32. Rd7 Rcc8 33. c7 Ra8
34. Bb1 f5 35. Ba2 Ng5 36. Rxf5 h6 37. h4 {.....} 1-0

[Event "ENCI Limburg-open A"]
[Site "Maastricht"]
[Date "2011.06.13"]
[Round "7"]
[White "Haast, Mark"]
[Black "Iseringhausen, Martin"]
[Result "1-0"]
[WhiteElo "2249"]
[BlackElo "2064"]
[PlyCount "59"]
[EventDate "2011.06.10"]
[EventType "swiss"]
[EventRounds "7"]
[EventCountry "NED"]
[Source "P.Boonen"]
[SourceDate "2012.01.01"]

1. e4 e6 2. d3 d5 3. Nd2 Ne7 4. g3 g6 5. Bg2 Bg7 6. f4 O-O 7. Ngf3 c5 8. O-O
Nbc6 9. c3 Rb8 10. e5 b6 11. Qe2 a5 12. b3 Ba6 13. a3 b5 14. b4 Qb6 15. Qf2
cxb4 16. Qxb6 Rxb6 17. cxb4 Rc8 18. Nb3 axb4 19. axb4 Nxb4 20. Be3 Rbb8 21. Bc5
Nec6 22. Bd6 Ra8 23. Nc5 Bf8 24. Rfc1 Ra7 25. d4 Nd8 26. Bf1 Bxd6 27. exd6 Nb7
28. d7 Rd8 29. Nxb7 Rxb7 30. Rcb1 1-0

[Event "ENCI Limburg-open A"]
[Site "Maastricht"]
[Date "2011.06.13"]
[Round "7"]
[White "Harff, Marcel"]
[Black "Vandevoort, Pascal"]
[Result "0-1"]
[WhiteElo "2217"]
[BlackElo "2400"]
[PlyCount "58"]
[EventDate "2011.06.10"]
[EventType "swiss"]
[EventRounds "7"]
[EventCountry "NED"]
[Source "P.Boonen"]
[SourceDate "2012.01.01"]

1. c4 e5 2. g3 Nf6 3. Bg2 d5 4. cxd5 Nxd5 5. Nc3 Nb6 6. Nf3 Nc6 7. O-O Be7 8.
a3 g5 9. b4 g4 10. Ne1 h5 11. Nd3 h4 12. Bb2 Nc4 13. Bd5 Nxb2 14. Nxb2 f5 15.
e3 Bf6 16. b5 Ne7 17. Qb3 Kf8 18. Rad1 Kg7 19. d4 exd4 20. exd4 f4 21. gxf4 g3
22. fxg3 hxg3 23. hxg3 Bg4 24. Rd2 Rh3 25. Qc4 Rxg3+ 26. Rg2 Rxg2+ 27. Kxg2 Nf5
28. Qd3 Bxd4 29. Nc4 Qh4 0-1

[Event "ENCI Limburg-open A"]
[Site "Maastricht"]
[Date "2011.06.13"]
[Round "7"]
[White "Heinichen, Nils"]
[Black "Magnussen, Helge"]
[Result "0-1"]
[WhiteElo "2058"]
[BlackElo "2131"]
[PlyCount "118"]
[EventDate "2011.06.10"]
[EventType "swiss"]
[EventRounds "7"]
[EventCountry "NED"]
[Source "P.Boonen"]
[SourceDate "2012.01.01"]

1. d4 d5 2. c4 e6 3. Nc3 Nf6 4. Nf3 c6 5. e3 Nbd7 6. Bd3 dxc4 7. Bxc4 b5 8. Bd3
Bb7 9. O-O b4 10. Na4 c5 11. Nxc5 Bxc5 12. dxc5 Nxc5 13. Bb5+ Ke7 14. Qe2 Qb6
15. Bc4 Rhd8 16. b3 Nfe4 17. Bb2 Nd6 18. Nd2 Rd7 19. Rfd1 Rad8 20. a4 Qc6 21.
f3 f6 22. Bb5 Nxb5 23. axb5 Qd5 24. Bd4 e5 25. Bxc5+ Qxc5 26. Nc4 Rxd1+ 27.
Rxd1 Rxd1+ 28. Qxd1 Bd5 29. Qd3 Qxb5 30. Qxh7 Bxc4 31. bxc4 Qxc4 32. Qxg7+ Qf7
33. Qg4 a5 34. h4 b3 35. Qa4 Qd5 36. h5 Kf7 37. Qa3 Qd3 38. Kh2 Qxe3 39. Qxa5
Qf4+ 40. Kh3 Qf5+ 41. Kg3 Qg5+ 42. Kf2 Qh4+ 43. Kg1 Qd4+ 44. Kh2 b2 45. Qc7+
Ke6 46. Qc6+ Kf5 47. Qc2+ e4 48. fxe4+ Kg5 49. g3 Kxh5 50. Qe2+ Kg5 51. Qc2 Qb4
52. Qf2 b1=Q 53. Qf5+ Kh6 54. Qxf6+ Kh7 55. Qf7+ Kh8 56. Qf6+ Kg8 57. e5 Qh7+
58. Kg2 Qd2+ 59. Kf3 Qhd3+ 0-1

[Event "ENCI Limburg-open A"]
[Site "Maastricht"]
[Date "2011.06.13"]
[Round "7"]
[White "Henrichs, Thomas"]
[Black "Thingstad, Even"]
[Result "1/2-1/2"]
[WhiteElo "2469"]
[BlackElo "2199"]
[PlyCount "62"]
[EventDate "2011.06.10"]
[EventType "swiss"]
[EventRounds "7"]
[EventCountry "NED"]
[Source "P.Boonen"]
[SourceDate "2012.01.01"]

1. Nf3 Nf6 2. c4 c5 3. Nc3 d5 4. cxd5 Nxd5 5. e4 Nb4 6. Bc4 Nd3+ 7. Ke2 Nxc1+
8. Rxc1 Nc6 9. Qb3 e6 10. Bb5 Bd7 11. Rhd1 Be7 12. d4 cxd4 13. Nxd4 Qc7 14. Qc4
O-O 15. Nxc6 Bxc6 16. g3 Bxb5 17. Qxb5 a6 18. Qd7 Qc4+ 19. Kf3 Bg5 20. Rd4 Qc5
21. Rcd1 b5 22. Qd6 Rac8 23. Qxc5 Rxc5 24. Rd6 Bf6 25. Rxa6 Bxc3 26. bxc3 Rxc3+
27. Ke2 g6 28. Ra7 b4 29. Rd3 Rxd3 30. Kxd3 Rc8 31. Rb7 Ra8 1/2-1/2

[Event "ENCI Limburg-open A"]
[Site "Maastricht"]
[Date "2011.06.13"]
[Round "7"]
[White "Hoornstra, Hans"]
[Black "Schroer, Marcel"]
[Result "0-1"]
[WhiteElo "1967"]
[BlackElo "2108"]
[PlyCount "30"]
[EventDate "2011.06.10"]
[EventType "swiss"]
[EventRounds "7"]
[EventCountry "NED"]
[Source "P.Boonen"]
[SourceDate "2012.01.01"]

1. e4 c5 2. Nf3 d6 3. g3 g6 4. Bg2 Bg7 5. O-O Nc6 6. c3 Nf6 7. Re1 O-O 8. h3 e5
9. d3 Be6 10. a3 Qc8 11. Kh2 Rd8 12. Ng5 Bd7 13. Qb3 h6 14. Qxf7+ Kh8 15. Nf3
Be6 0-1

[Event "ENCI Limburg-open A"]
[Site "Maastricht"]
[Date "2011.06.13"]
[Round "7"]
[White "Hovhanisian, Mher"]
[Black "Bijlsma, Nick"]
[Result "1-0"]
[WhiteElo "2472"]
[BlackElo "2177"]
[PlyCount "133"]
[EventDate "2011.06.10"]
[EventType "swiss"]
[EventRounds "7"]
[EventCountry "NED"]
[Source "P.Boonen"]
[SourceDate "2012.01.01"]

1. e4 c5 2. c3 g6 3. d4 cxd4 4. cxd4 d5 5. e5 Bg7 6. Nc3 Nh6 7. Nf3 O-O 8. h3
Be6 9. Bf4 f6 10. Qd2 Nf7 11. exf6 exf6 12. Nb5 Na6 13. Bd3 Qd7 14. O-O Bf5 15.
a3 Be4 16. Ne1 Rfe8 17. Rc1 Bxd3 18. Qxd3 Bh6 19. Bxh6 Nxh6 20. Qb3 Nf5 21. Nf3
Re6 22. Nc3 Ne7 23. Rfe1 Nc7 24. Re3 b6 25. Rce1 Kf7 26. a4 Re8 27. Rxe6 Nxe6
28. Qb5 Rd8 29. Qa6 Nc6 30. Qd3 Ne7 31. Qd2 Nc6 32. h4 Kg7 33. g3 Re8 34. Kg2
Nc7 35. Rc1 Na5 36. Qc2 Re7 37. Ne2 Ne6 38. b4 Nc4 39. b5 Qd6 40. Qd3 Rc7 41.
h5 Nb2 42. Rxc7+ Qxc7 43. Qb3 Nc4 44. Qb1 Qd6 45. hxg6 hxg6 46. Nh4 f5 47. Qd3
Nb2 48. Qxf5 Qxg3+ 49. Kxg3 gxf5 50. Nxf5+ Kf6 51. Ne3 Nxa4 52. Nxd5+ Kf7 53.
f4 Ng7 54. Kg4 Ke6 55. Ne3 Nb2 56. Kg5 Kf7 57. f5 Nd3 58. Nc4 Nb4 59. Nd6+ Kf8
60. Nf4 Nxf5 61. Kxf5 a6 62. Nd3 Nc2 63. bxa6 Nxd4+ 64. Ke5 Nc6+ 65. Kd5 Na7
66. Nb4 b5 67. Nc6 1-0

[Event "ENCI Limburg-open A"]
[Site "Maastricht"]
[Date "2011.06.13"]
[Round "7"]
[White "Kampman, Tijmen"]
[Black "Luncescu, Christian"]
[Result "1/2-1/2"]
[WhiteElo "2108"]
[BlackElo "2190"]
[PlyCount "39"]
[EventDate "2011.06.10"]
[EventType "swiss"]
[EventRounds "7"]
[EventCountry "NED"]
[Source "P.Boonen"]
[SourceDate "2012.01.01"]

1. e4 d5 2. exd5 Qxd5 3. Nc3 Qa5 4. d4 c6 5. Nf3 Nf6 6. Ne5 Be6 7. Nc4 Bxc4 8.
Bxc4 e6 9. O-O Bd6 10. Bd3 Qc7 11. g3 Nbd7 12. a4 O-O 13. Ne4 Nxe4 14. Bxe4
Rfe8 15. Bg2 Rad8 16. c4 c5 17. d5 Nf6 18. Bg5 Be5 19. Qc2 h6 20. Bxf6 1/2-1/2

[Event "ENCI Limburg-open A"]
[Site "Maastricht"]
[Date "2011.06.13"]
[Round "7"]
[White "Klein, Felix"]
[Black "Meng, Roger"]
[Result "1/2-1/2"]
[WhiteElo "2243"]
[BlackElo "2255"]
[PlyCount "68"]
[EventDate "2011.06.10"]
[EventType "swiss"]
[EventRounds "7"]
[EventCountry "NED"]
[Source "P.Boonen"]
[SourceDate "2012.01.01"]

1. e4 c6 2. d4 d5 3. Nc3 dxe4 4. Nxe4 Nf6 5. Nxf6+ gxf6 6. Nf3 Bg4 7. Be2 e6 8.
O-O Bd6 9. c4 Qc7 10. h3 Bh5 11. d5 e5 12. Nh4 Bg6 13. Bh6 f5 14. Re1 c5 15.
Bd3 e4 16. Nxf5 Bxf5 17. Bxe4 Bxe4 18. Rxe4+ Kd8 19. Qf3 Kc8 20. Rae1 b6 21.
Qf6 Rd8 22. Bg5 Rd7 23. Re8+ Kb7 24. Qh8 Bf4 25. Bh4 h6 26. R1e4 b5 27. Rxf4
Qxf4 28. Bg3 Qxc4 29. Rxb8+ Rxb8 30. Qxb8+ Ka6 31. Qc8+ Rb7 32. Qc6+ Rb6 33.
Qc8+ Rb7 34. Qc6+ Rb6 1/2-1/2

[Event "ENCI Limburg-open A"]
[Site "Maastricht"]
[Date "2011.06.13"]
[Round "7"]
[White "Koop, Soeren"]
[Black "Roos, Adrian"]
[Result "1/2-1/2"]
[WhiteElo "2045"]
[BlackElo "2127"]
[PlyCount "84"]
[EventDate "2011.06.10"]
[EventType "swiss"]
[EventRounds "7"]
[EventCountry "NED"]
[Source "P.Boonen"]
[SourceDate "2012.01.01"]

1. e4 c5 2. Nf3 d6 3. d4 cxd4 4. Nxd4 Nf6 5. Nc3 a6 6. Be3 e5 7. Nb3 Be6 8. f3
Nbd7 9. g4 Nb6 10. Qd2 d5 11. Bxb6 Qxb6 12. g5 d4 13. Na4 Qc6 14. gxf6 Qxa4 15.
fxg7 Bxg7 16. Nc5 Qc6 17. Nxe6 fxe6 18. O-O-O h5 19. Kb1 Bh6 20. Qa5 Bf4 21.
Bd3 Kf7 22. Rdg1 Rag8 23. Qe1 Be3 24. Rxg8 Rxg8 25. Qh4 Rg5 26. f4 Bxf4 27. Rf1
Kg6 28. Rxf4 exf4 29. e5+ Kh6 30. Qxf4 Qh1+ 31. Bf1 h4 32. a3 Kh5 33. Qf7+ Kg4
34. Qxe6+ Rf5 35. Qg6+ Kf4 36. Qh6+ Kxe5 37. Qh8+ Rf6 38. Qe8+ Re6 39. Qh8+ Kd5
40. Qd8+ Ke5 41. Qg5+ Kd6 42. Qd8+ Ke5 1/2-1/2

[Event "ENCI Limburg-open A"]
[Site "Maastricht"]
[Date "2011.06.13"]
[Round "7"]
[White "Krueger, Norbert"]
[Black "Voicu, Carmen"]
[Result "1/2-1/2"]
[WhiteElo "2110"]
[BlackElo "2303"]
[PlyCount "38"]
[EventDate "2011.06.10"]
[EventType "swiss"]
[EventRounds "7"]
[EventCountry "NED"]
[Source "P.Boonen"]
[SourceDate "2012.01.01"]

1. e4 c5 2. c3 e6 3. d4 Nf6 4. e5 Nd5 5. Nf3 cxd4 6. cxd4 d6 7. Bc4 Nc6 8. O-O
Be7 9. exd6 Qxd6 10. Nc3 a6 11. h3 b5 12. Nxd5 exd5 13. Bd3 h6 14. Be3 O-O 15.
Qd2 Qf6 16. Rac1 Bd7 17. Bf4 Rac8 18. Ne5 Nxe5 19. dxe5 Qh4 1/2-1/2

[Event "ENCI Limburg-open A"]
[Site "Maastricht"]
[Date "2011.06.13"]
[Round "7"]
[White "Memeti, Kastriot"]
[Black "Mengerink, Ynze"]
[Result "1-0"]
[WhiteElo "2209"]
[BlackElo "2147"]
[PlyCount "53"]
[EventDate "2011.06.10"]
[EventType "swiss"]
[EventRounds "7"]
[EventCountry "NED"]
[Source "P.Boonen"]
[SourceDate "2012.01.01"]

1. d4 d5 2. Bf4 Nf6 3. e3 c6 4. Nf3 Bf5 5. c4 e6 6. Nc3 Nbd7 7. Qb3 Qb6 8. c5
Qxb3 9. axb3 Nh5 10. b4 Nxf4 11. exf4 b5 12. Ra6 Rc8 13. Rxa7 Kd8 14. Kd2 Rc7
15. Ra8+ Rc8 16. Ra5 Rb8 17. Ng5 Bg6 18. Bd3 Be7 19. Nf3 Bxd3 20. Kxd3 Kc7 21.
Rha1 Bf6 22. Nd2 Rb7 23. Nb3 Rc8 24. Ne2 Nb8 25. Ra7 Nd7 26. R1a6 Bd8 27. Na5
1-0

[Event "ENCI Limburg-open A"]
[Site "Maastricht"]
[Date "2011.06.13"]
[Round "7"]
[White "Miedema, David"]
[Black "Priebe, Jan"]
[Result "1/2-1/2"]
[WhiteElo "2409"]
[BlackElo "2252"]
[PlyCount "115"]
[EventDate "2011.06.10"]
[EventType "swiss"]
[EventRounds "7"]
[EventCountry "NED"]
[Source "P.Boonen"]
[SourceDate "2012.01.01"]

1. d4 Nf6 2. c4 g6 3. Nc3 Bg7 4. e4 d6 5. f3 O-O 6. Be3 c6 7. Qd2 a6 8. Bd3 b5
9. Nge2 Nbd7 10. O-O Bb7 11. b4 a5 12. Rab1 axb4 13. Rxb4 bxc4 14. Bxc4 Ba6 15.
Nf4 c5 16. dxc5 Nxc5 17. Nfd5 Nxd5 18. Nxd5 e6 19. Nb6 Rb8 20. Bxa6 Rxb6 21.
Bb5 Qc7 22. a4 Ra8 23. Rfb1 Rbb8 24. Rd1 Bf8 25. Rc4 Rc8 26. Qc2 e5 27. Rd5 Qb7
28. h3 h5 29. Kh2 Qe7 30. Qc3 Rcb8 31. Rd1 Kh7 32. Qc2 Rb6 33. Qd2 Kg8 34. Bg5
Qa7 35. Qe3 Rab8 36. Qe1 Kh7 37. Qh4 Kg8 38. f4 Ne6 39. f5 Nxg5 40. Qxg5 Kg7
41. f6+ Kh7 42. Qe3 Bh6 43. Qf2 Qa5 44. Rd3 Kg8 45. Rdc3 R6b7 46. Rc6 Rd8 47.
Rc8 Rxc8 48. Rxc8+ Kh7 49. h4 Rc7 50. Rxc7 Qxc7 51. Qa2 Be3 52. Qc4 Qa7 53. Be8
Kg8 54. Qc8 Bf4+ 55. Kh1 Qf2 56. Bxf7+ Kxf7 57. Qd7+ Kxf6 58. Qxd6+ 1/2-1/2

[Event "ENCI Limburg-open A"]
[Site "Maastricht"]
[Date "2011.06.13"]
[Round "7"]
[White "Nabuurs, Joep"]
[Black "Heltzel, Joost"]
[Result "1/2-1/2"]
[WhiteElo "2212"]
[BlackElo "2228"]
[PlyCount "34"]
[EventDate "2011.06.10"]
[EventType "swiss"]
[EventRounds "7"]
[EventCountry "NED"]
[Source "P.Boonen"]
[SourceDate "2012.01.01"]

1. e4 c5 2. Nf3 g6 3. d4 cxd4 4. Qxd4 Nf6 5. e5 Nc6 6. Qa4 Nd5 7. Qe4 Nb6 8.
Bf4 d5 9. exd6 Bf5 10. Qe2 Bg7 11. c3 O-O 12. Qd2 exd6 13. Be2 d5 14. O-O d4
15. Nxd4 Nxd4 16. cxd4 Qxd4 17. Qxd4 Bxd4 1/2-1/2

[Event "ENCI Limburg-open A"]
[Site "Maastricht"]
[Date "2011.06.13"]
[Round "7"]
[White "Olthof, Rene"]
[Black "Coenen, Michael"]
[Result "0-1"]
[WhiteElo "2202"]
[BlackElo "2337"]
[PlyCount "60"]
[EventDate "2011.06.10"]
[EventType "swiss"]
[EventRounds "7"]
[EventCountry "NED"]
[Source "P.Boonen"]
[SourceDate "2012.01.01"]

1. e4 c5 2. Nf3 Nc6 3. d4 cxd4 4. Nxd4 d5 5. exd5 Qxd5 6. Nxc6 Qxd1+ 7. Kxd1
bxc6 8. Bd3 Nf6 9. Re1 Bg4+ 10. f3 Bh5 11. Nd2 Bg6 12. Ne4 Rd8 13. Bd2 e6 14.
Nxf6+ gxf6 15. Be4 Bh6 16. Re2 Bxe4 17. fxe4 Rg8 18. g3 Rg4 19. c3 Ke7 20. Kc2
Bxd2 21. Rxd2 Rxd2+ 22. Kxd2 Rxe4 23. b4 h5 24. h3 f5 25. Kd3 Kd6 26. Rb1 Kd5
27. Rb3 h4 28. g4 fxg4 29. Ra3 gxh3 30. Ra5+ Kd6 0-1

[Event "ENCI Limburg-open A"]
[Site "Maastricht"]
[Date "2011.06.13"]
[Round "7"]
[White "Oosterman, Maarten Jan"]
[Black "Fuhs, Juergen"]
[Result "1/2-1/2"]
[WhiteElo "2010"]
[BlackElo "2133"]
[PlyCount "46"]
[EventDate "2011.06.10"]
[EventType "swiss"]
[EventRounds "7"]
[EventCountry "NED"]
[Source "P.Boonen"]
[SourceDate "2012.01.01"]

1. e4 c5 2. c3 e6 3. d4 cxd4 4. cxd4 Nf6 5. Nc3 d5 6. e5 Nfd7 7. Bd3 Nc6 8. Nf3
Be7 9. O-O h6 10. Be3 Nb6 11. Qe2 Nb4 12. Bb1 Nc4 13. a3 Nxe3 14. fxe3 Nc6 15.
b4 b6 16. Bd3 O-O 17. Rac1 Bb7 18. Rc2 Rc8 19. h3 a5 20. b5 Nb8 21. a4 f5 22.
exf6 Bxf6 23. Rfc1 Rf7 1/2-1/2

[Event "ENCI Limburg-open A"]
[Site "Maastricht"]
[Date "2011.06.13"]
[Round "7"]
[White "Perrenet, Jacob"]
[Black "Bomans, Arno"]
[Result "0-1"]
[WhiteElo "2059"]
[BlackElo "2200"]
[PlyCount "74"]
[EventDate "2011.06.10"]
[EventType "swiss"]
[EventRounds "7"]
[EventCountry "NED"]
[Source "P.Boonen"]
[SourceDate "2012.01.01"]

1. Nc3 c5 2. d4 cxd4 3. Qxd4 e6 4. Bf4 Nc6 5. Qa4 Bb4 6. Bd2 Rb8 7. Nf3 a6 8.
a3 b5 9. Qb3 Be7 10. Na2 Nf6 11. e3 Ne4 12. Bb4 d6 13. Bd3 Nc5 14. Bxc5 dxc5
15. Be4 Qc7 16. c3 Na5 17. Qd1 O-O 18. O-O f5 19. Bc2 Bb7 20. Qe2 Rbd8 21. Rad1
Bd5 22. Nc1 Nc4 23. Bb3 Bd6 24. g3 Rf6 25. Ne1 Rh6 26. f4 Qf7 27. Rf2 Qg6 28.
Ng2 Rh3 29. e4 fxe4 30. f5 Qh6 31. Nf4 e3 32. Nxh3 Qxh3 33. Rff1 Bxg3 34. Rxd5
Bf2+ 35. Kh1 exd5 36. Nd3 Qxf5 37. Nxf2 Nd2 0-1

[Event "ENCI Limburg-open A"]
[Site "Maastricht"]
[Date "2011.06.13"]
[Round "7"]
[White "Schleipfenbauer, Frank"]
[Black "Roufs, Gerard"]
[Result "1-0"]
[WhiteElo "2124"]
[BlackElo "2006"]
[PlyCount "49"]
[EventDate "2011.06.10"]
[EventType "swiss"]
[EventRounds "7"]
[EventCountry "NED"]
[Source "P.Boonen"]
[SourceDate "2012.01.01"]

1. e4 c5 2. Nc3 e6 3. Nf3 Nc6 4. d4 cxd4 5. Nxd4 Qc7 6. Be2 a6 7. Be3 Nf6 8.
O-O Bb4 9. f3 O-O 10. Qe1 d5 11. Qh4 Nxd4 12. Bxd4 e5 13. Qg3 Bd6 14. Be3 Bc5
15. Bxc5 Qxc5+ 16. Qf2 d4 17. Bd3 Qb4 18. Nd5 Nxd5 19. exd5 Qd6 20. f4 Qxd5 21.
fxe5 Qxe5 22. Rae1 Qd6 23. Re4 Be6 24. Rxd4 Qb6 25. Bxh7+ 1-0

[Event "ENCI Limburg-open A"]
[Site "Maastricht"]
[Date "2011.06.13"]
[Round "7"]
[White "Surewaard, Wilbert"]
[Black "Hetey, Laszlo"]
[Result "1/2-1/2"]
[WhiteElo "2164"]
[BlackElo "2337"]
[PlyCount "82"]
[EventDate "2011.06.10"]
[EventType "swiss"]
[EventRounds "7"]
[EventCountry "NED"]
[Source "P.Boonen"]
[SourceDate "2012.01.01"]

1. e4 e5 2. Nf3 Nc6 3. d4 exd4 4. Nxd4 Bc5 5. Be3 Qf6 6. Nb5 Bxe3 7. fxe3 Qd8
8. Qg4 Kf8 9. Qf4 d6 10. Bc4 Ne5 11. O-O Nf6 12. Nd2 a6 13. Nc3 Qe7 14. h3 Kg8
15. Rf2 Be6 16. Bd5 Bxd5 17. exd5 Re8 18. Re1 h6 19. Nf3 Nfd7 20. Nd4 g6 21.
Ne4 Kh7 22. g4 Rhf8 23. g5 Nc4 24. Qh4 Qxe4 25. Rf4 Qe5 26. Qxh6+ Kg8 27. Nf3
Qxf4 28. exf4 Rxe1+ 29. Nxe1 Ne3 30. Qh4 Re8 31. Qf2 Nb6 32. Nd3 Nbxd5 33. b3
Nc3 34. a4 c5 35. Qf3 Nxc2 36. Qxb7 Re3 37. Qb8+ Kh7 38. Qxd6 Nd4 39. Ne5 Ne4
40. Qf8 Re1+ 41. Kg2 Re2+ 1/2-1/2

[Event "ENCI Limburg-open A"]
[Site "Maastricht"]
[Date "2011.06.13"]
[Round "7"]
[White "Swinkels, Robin"]
[Black "Wiley, Tom E"]
[Result "1-0"]
[WhiteElo "2483"]
[BlackElo "2296"]
[PlyCount "97"]
[EventDate "2011.06.10"]
[EventType "swiss"]
[EventRounds "7"]
[EventCountry "NED"]
[Source "P.Boonen"]
[SourceDate "2012.01.01"]

1. d4 d5 2. c4 dxc4 3. e3 e6 4. Bxc4 Nf6 5. Nf3 c5 6. O-O a6 7. Bb3 Nc6 8. Qe2
cxd4 9. Rd1 d3 10. Rxd3 Qc7 11. Nc3 Bc5 12. h3 O-O 13. e4 Nd7 14. Be3 Bxe3 15.
Rxe3 Nde5 16. Rd1 Nxf3+ 17. Rxf3 Ne5 18. Rg3 Ng6 19. Qd2 b5 20. Rd3 Ne5 21. Rd6
Bb7 22. Qd4 Nc6 23. Rd7 Nxd4 24. Rxc7 Nxb3 25. axb3 Rab8 26. Rdd7 Ba8 27. b4
Rb6 28. f3 g5 29. Ne2 Rc6 30. Nd4 Rxc7 31. Rxc7 Rd8 32. Nb3 Kg7 33. Nc5 Kg6 34.
Kh2 h5 35. Nd7 f5 36. exf5+ Kxf5 37. Kg3 Bd5 38. Nc5 h4+ 39. Kf2 Ra8 40. Nd3
Kf6 41. Ke3 Bc4 42. Nf2 a5 43. Ng4+ Kg6 44. Ne5+ Kf5 45. Nxc4 bxc4 46. Rc5+ Kf6
47. bxa5 Rb8 48. Rxc4 Rxb2 49. Ra4 1-0

[Event "ENCI Limburg-open A"]
[Site "Maastricht"]
[Date "2011.06.13"]
[Round "7"]
[White "Tomov, Georgi"]
[Black "Scholzen, Wolfgang"]
[Result "0-1"]
[WhiteElo "2278"]
[BlackElo "2082"]
[PlyCount "68"]
[EventDate "2011.06.10"]
[EventType "swiss"]
[EventRounds "7"]
[EventCountry "NED"]
[Source "P.Boonen"]
[SourceDate "2012.01.01"]

1. Nf3 d5 2. d4 Nf6 3. c4 e6 4. Bg5 Be7 5. Nc3 c6 6. e3 O-O 7. Qc2 Nbd7 8. a3
b6 9. cxd5 exd5 10. Bd3 Bb7 11. Ne5 h6 12. h4 c5 13. O-O-O cxd4 14. Bxf6 Bxf6
15. Nxd7 dxc3 16. Nxf6+ Qxf6 17. bxc3 Rac8 18. Kb2 Rc5 19. Qd2 Rfc8 20. Rc1 Qc6
21. Rc2 Qa4 22. h5 Ba6 23. Bxa6 Qxa6 24. Rh4 Ra5 25. Rc1 Rxa3 26. Qxd5 Ra5 27.
Qb3 Qe2+ 28. Qc2 Qa6 29. Qb3 Rd8 30. Rc2 Qf1 31. Ra4 Rd1 32. Ka3 Ra1+ 33. Ra2
Qc1+ 34. Qb2 Rxa2+ 0-1

[Event "ENCI Limburg-open A"]
[Site "Maastricht"]
[Date "2011.06.13"]
[Round "7"]
[White "Tonndorf, Matthias"]
[Black "Bezemer, Arno"]
[Result "0-1"]
[WhiteElo "2196"]
[BlackElo "2335"]
[PlyCount "90"]
[EventDate "2011.06.10"]
[EventType "swiss"]
[EventRounds "7"]
[EventCountry "NED"]
[Source "P.Boonen"]
[SourceDate "2012.01.01"]

1. e4 c5 2. Nf3 d6 3. d4 cxd4 4. Nxd4 Nf6 5. Nc3 a6 6. Be2 e5 7. Nb3 Be7 8. Be3
Be6 9. O-O O-O 10. f3 Qc7 11. Nd5 Bxd5 12. exd5 Nbd7 13. c4 a5 14. Rc1 a4 15.
Nd2 Nc5 16. Nb1 Nfd7 17. Nc3 f5 18. Qc2 Qd8 19. Ra1 Bg5 20. Bf2 Qe7 21. Rfe1 e4
22. fxe4 fxe4 23. Bg4 e3 24. Bg3 Ne5 25. Bf5 g6 26. Be6+ Nxe6 27. dxe6 Qxe6 28.
Ne4 Bh6 29. Rad1 Nxc4 30. Nxd6 Nxd6 31. Rxd6 Qxa2 32. h4 Rac8 33. Qe4 Qf7 34.
h5 Rc4 35. Qe6 Qxe6 36. Rxe6 Rc6 37. Rxc6 bxc6 38. hxg6 hxg6 39. Be5 Re8 40.
Bc3 e2 41. Kf2 Bg7 42. Bxg7 Kxg7 43. Kf3 Kf6 44. Kf4 c5 45. Kf3 Re5 0-1

[Event "ENCI Limburg-open A"]
[Site "Maastricht"]
[Date "2011.06.13"]
[Round "7"]
[White "Turov, Maxim"]
[Black "Berg, Emanuel"]
[Result "1-0"]
[WhiteElo "2634"]
[BlackElo "2608"]
[PlyCount "75"]
[EventDate "2011.06.10"]
[EventType "swiss"]
[EventRounds "7"]
[EventCountry "NED"]
[Source "P.Boonen"]
[SourceDate "2012.01.01"]

1. d4 Nf6 2. c4 g6 3. Nc3 Bg7 4. e4 d6 5. f4 O-O 6. Nf3 c5 7. d5 e6 8. dxe6
Bxe6 9. Bd3 Nc6 10. O-O Na5 11. Qe2 Re8 12. Bd2 d5 13. cxd5 Bxd5 14. Nxd5 Nxd5
15. e5 Qb6 16. Bxa5 Qxa5 17. Ng5 Nxf4 18. Rxf4 Rxe5 19. Qg4 c4 20. Nxf7 cxd3
21. Nxe5 Qxe5 22. Rf3 d2 23. Qd7 Qxb2 24. Qd5+ Kh8 25. Rd1 Qb6+ 26. Kh1 Rd8 27.
Qe4 Qc6 28. Qe7 Re8 29. Qb4 Qc2 30. Rff1 Qxa2 31. Rxd2 Qa6 32. Rdf2 h5 33. Rf7
Kg8 34. Qb3 Qe6 35. Qxb7 Bd4 36. h3 a5 37. Rd7 Bf6 38. Rc7 {Time} 1-0

[Event "ENCI Limburg-open A"]
[Site "Maastricht"]
[Date "2011.06.13"]
[Round "7"]
[White "Turova, Irina"]
[Black "Beukema, Stefan"]
[Result "1/2-1/2"]
[WhiteElo "2442"]
[BlackElo "2193"]
[PlyCount "58"]
[EventDate "2011.06.10"]
[EventType "swiss"]
[EventRounds "7"]
[EventCountry "NED"]
[Source "P.Boonen"]
[SourceDate "2012.01.01"]

1. d4 Nf6 2. c4 g6 3. Nc3 Bg7 4. e4 d6 5. f4 O-O 6. Nf3 Bg4 7. Be3 e5 8. fxe5
dxe5 9. d5 Nfd7 10. Be2 Bxf3 11. Bxf3 Qe7 12. O-O a5 13. Bg4 Nc5 14. Rb1 Nba6
15. b3 a4 16. bxa4 h5 17. Be2 Rfd8 18. Qc1 b6 19. Rb5 Nb7 20. a5 Nxa5 21. c5
Nxc5 22. Bxc5 bxc5 23. Qe3 c6 24. Rb6 Qc7 25. Rfb1 Rab8 26. Rxb8 Rxb8 27. Rxb8+
Qxb8 28. Qxc5 Bf8 29. Qxa5 Bb4 1/2-1/2

[Event "ENCI Limburg-open A"]
[Site "Maastricht"]
[Date "2011.06.13"]
[Round "7"]
[White "Van Dijk, Harold"]
[Black "Goes, Sten"]
[Result "1/2-1/2"]
[WhiteElo "2329"]
[BlackElo "2099"]
[PlyCount "88"]
[EventDate "2011.06.10"]
[EventType "swiss"]
[EventRounds "7"]
[EventCountry "NED"]
[Source "P.Boonen"]
[SourceDate "2012.01.01"]

1. d4 Nf6 2. Nf3 g6 3. Nc3 d5 4. Bf4 c6 5. Qd2 Nbd7 6. e3 Bg7 7. Be2 b5 8. Ne5
Nxe5 9. Bxe5 O-O 10. O-O Nd7 11. Bxg7 Kxg7 12. f4 Nf6 13. Bf3 Bf5 14. h3 h5 15.
Ne2 Be4 16. a4 a6 17. Qc3 Qd7 18. Kf2 Bxf3 19. gxf3 Qxh3 20. Rh1 Qd7 21. Nc1
Qd6 22. Nd3 Rfc8 23. Rag1 a5 24. Ne5 c5 25. Qd3 c4 26. Rxg6+ Kf8 27. Qf5 fxg6
28. Qxg6 Ng4+ 29. fxg4 Qxg6 30. Nxg6+ Kg7 31. Nxe7 Rcb8 32. Rxh5 bxa4 33. Nf5+
Kf7 34. Rh7+ Kg6 35. Rh6+ Kf7 36. g5 Rxb2 37. Kg3 a3 38. Kg4 a2 39. Rh7+ Ke8
40. Rh8+ Kf7 41. Rxa8 a1=Q 42. Ra7+ Kf8 43. Ra8+ Kf7 44. Ra7+ Kf8 1/2-1/2